000 00433nam a2200169Ia 4500
005 20250508152715.0
008 008 250505s9999 xx 000 0 hin d
037 _aTextual
040 _aFEDL
_beng
_cFEDL
041 _ahin
_2hin
084 _aFH, ARA
_qFEDL
245 0 _aJadu ka deepak
260 _aDelhi, India
_bRajpal and Sons
_c1959
300 _a107p.
942 _cTEXL
_hFH, ARA
999 _c1338189
_d1338189